Cirkevná slovančina

Podrobná bibliografia
Hlavný autor: Štec, Mikuláš, 1932- (Autor)
Médium: Kniha
Jazyk:slovenčina
Fyzický popis:464 s. ilustr., tab. 21 cm
Vydavateľské údaje: Prešov Prešovská univerzita 2005
ISBN:808068359X
Vydanie:1. vyd.
Predmet:

MARC

LEADER 00000nam a2200000 a 4500
001 vtls008302425
003 SK-MaSNL
005 20260302074205.0
008 240315s2005 xo al d p 001 0 slo
015 |a SNBA2005/12-05133 
020 |a 808068359X  |q (viaz.) 
035 |a 31AE0164-E0BB-4DDD-90CC-892BC9797ACF 
035 |a urn:nbn:sk:snk-amlary 
035 |a urn:nbn:sk:snk-am0092q7 
040 |a SNK  |b slo  |c SNK  |e AACR2 
041 0 |a slo 
044 |a xo  |c SK 
072 7 |a 811.163  |x Južnoslovanské literatúry  |2 konspekt 
080 |a (075.8)  |2 MDT-MRF 
080 |a 811.163  |2 MDT-MRF 
100 1 |a Štec, Mikuláš,  |d 1932-  |4 aut  |9 98645 
245 1 0 |a Cirkevná slovančina  |c Mikuláš Štec 
250 |a 1. vyd. 
260 |a Prešov  |b Prešovská univerzita  |c 2005 
300 |a 464 s.  |b ilustr., tab.  |c 21 cm 
504 |a Bibliogr. odkazy. Pozn. Vecný reg. Zoz. použitých skrat. 
506 |a 2000 výtl. 
650 0 7 |a cirkevná slovančina  |2 SNKPH  |9 1794 
655 7 |a učebnice vysokých škôl  |2 SNKPH  |9 70191 
919 |a 80-8069-359-X 
968 |d 81 
999 |c 1164035  |d 1165965 
952 |a SNK  |b SNK  |y PREZ  |7 0  |p 17A0485436  |o snkSC 121481  |i snk2005/16877  |8 0  |0 0  |1 0  |4 0  |d 2005-10-12  |f 1  |l 0  |r 2025-06-02 00:00:00  |w 2026-02-24 
952 |a SNK  |b SNK  |y VYP  |7 0  |p 17A0485435  |o snkSC 121481 D1  |i snk2005/16879  |8 0  |0 0  |1 0  |4 0  |d 2005-10-12  |l 0  |r 2026-02-24 20:43:38  |w 2026-02-24 
952 |t snkSTE 808.101  |a SNKUST  |b SNKUST  |y PREZ  |7 0  |p 17A0485434  |o snkSC 121481 D2  |i snk2005/16881  |8 0  |0 0  |1 0  |4 0  |d 2005-10-12  |l 0  |r 2025-05-28 00:00:00  |w 2026-02-24